[Event "WchT 3rd"]
[Site "Luzern"]
[Date "1993.??.??"]
[Round "5.1"]
[White "Kortschnoj, Viktor Lvovich"]
[Black "Xu, Jun"]
[Result "1-0"]
[WhiteElo "2625"]
[BlackElo "2535"]
[Annotator "Ribli,Z"]
[PlyCount "93"]
[EventDate "1993.10.24"]
[EventType "team-tourn"]
[EventRounds "9"]
[EventCountry "SUI"]
[SourceTitle "CBM 038"]
[Source "ChessBase"]
[SourceDate "1994.02.01"]
[SourceVersion "1"]
[SourceVersionDate "1994.02.01"]
[SourceQuality "1"]
[WhiteTeam "Switzerland"]
[BlackTeam "China"]
[WhiteTeamCountry "SUI"]
[BlackTeamCountry "CHN"]

1. d4 d6 2. g3 e5 3. Bg2 (3. dxe5 $5 dxe5 4. Qxd8+ Kxd8 5. Nc3 Nd7 6. f4 $14 {
Yusupov,A-Rivas Pastor,M/Las Palmas/1993/CBM36/}) 3... exd4 4. Qxd4 Nf6 5. Nc3
$5 (5. c4 $6 Nc6 $13) 5... Be7 6. e4 O-O 7. Nge2 c6 8. Bf4 $5 Ne8 9. Rd1 Nd7
10. Qd2 Qc7 11. Nd4 Ne5 12. O-O Bf6 13. b3 Bg4 14. f3 Bd7 15. Be3 b5 16. Kh1 b4
17. Nce2 c5 18. Nf5 Rd8 19. Nf4 $1 (19. Nxd6 Nxd6 20. Qxd6 Qxd6 21. Rxd6 Bb5
$44) 19... Bxf5 (19... Bc6 20. Nh5 $36) 20. Nd5 Qd7 21. exf5 Qxf5 22. g4 Qd7
23. g5 Be7 24. Bxc5 Nc6 (24... dxc5 25. Nxe7+ Qxe7 26. Qxd8 $18) 25. Bxb4 Nxb4
26. Nxb4 Nc7 27. f4 d5 28. Nxd5 Nxd5 29. Bxd5 Qf5 30. Qd3 Qxd3 31. Rxd3 g6 32.
f5 Kh8 (32... Bxg5 33. fxg6 hxg6 34. Rg1 $18) 33. f6 Bc5 34. Re1 h6 35. Re5 Bd6
(35... hxg5 36. Rh3+ Kg8 37. Rxg5 $18) 36. Re7 Bf4 37. Rxa7 Bxg5 38. Rxf7 Bxf6
39. Rxf8+ Rxf8 40. Kg2 Kg7 41. Be4 h5 42. a4 Bh4 43. Rd7+ Kf6 44. a5 g5 45. Rd2
Re8 46. Re2 Re5 47. b4 1-0

[Event "WchT 3rd"]
[Site "Luzern"]
[Date "1993.??.??"]
[Round "9.1"]
[White "Kortschnoj, Viktor Lvovich"]
[Black "Serper, Grigory"]
[Result "1-0"]
[WhiteElo "2625"]
[BlackElo "2575"]
[Annotator "Serper,G"]
[PlyCount "113"]
[EventDate "1993.10.24"]
[EventType "team-tourn"]
[EventRounds "9"]
[EventCountry "SUI"]
[SourceTitle "CBM 039"]
[Source "ChessBase"]
[SourceDate "1994.04.01"]
[SourceVersion "1"]
[SourceVersionDate "1994.04.01"]
[SourceQuality "1"]
[WhiteTeam "Switzerland"]
[BlackTeam "Uzbekistan"]
[WhiteTeamCountry "SUI"]
[BlackTeamCountry "UZB"]

1. c4 c6 2. e4 d5 3. exd5 cxd5 4. cxd5 Nf6 5. Nc3 Nxd5 6. Nf3 Nc6 7. Bb5 $5 e6
8. O-O Be7 9. d4 O-O 10. Re1 Nf6 $5 $146 (10... Bd7) 11. Bf4 Nb4 12. Ne5 a6 13.
Be2 Nbd5 (13... Bd7 $5 14. Bf3 Bc6 $14) 14. Bg3 Nxc3 $1 15. bxc3 Ne4 16. Qd3
Nxg3 17. hxg3 Qc7 (17... Bd7 $5 18. a4 Rc8 19. a5 Bd6 20. Bf3 Bxe5 21. Rxe5 Bc6
$14) 18. a4 $1 Bd7 (18... b6 19. Bf3 Bb7 20. Bxb7 Qxb7 21. Reb1 $14) 19. a5
Rfd8 20. Qe3 {/\ Nc4-b6+/-} Bb5 $1 21. c4 (21. Bxb5 $2 axb5 {xa5}) 21... Be8
22. c5 Bf6 23. f4 $1 $14 {()} Bc6 24. Qc3 Bd5 $6 (24... Bxe5 25. fxe5 Qe7 $14)
25. Rab1 Bxe5 26. fxe5 Rd7 27. Bd3 $2 (27. Rb6 $1 {/\ Rd6+/-} Bc6 28. Bf3 $1
Rad8 $2 29. Bxc6 bxc6 30. Re4 $18 {x c6,a6}) 27... Qd8 $1 28. Bc2 {/\ Ba4} (28.
Rb6 Bc6 {xd4}) 28... Bc6 29. Rbd1 Qg5 30. Rf1 f6 $1 31. Bb3 Re8 $8 (31... Bd5
$2 32. Bxd5 Rxd5 33. c6 $1 $18) 32. exf6 gxf6 33. Rde1 Rde7 34. Rf4 Kg7 35. Bd1
$138 Kh8 $8 36. Ref1 e5 $1 37. Rxf6 exd4 38. Qxd4 Qe5 $4 (38... Qe3+ 39. Qxe3
Rxe3 $10) 39. Qd6 $1 $18 Qxd6 (39... Rd7 $2 40. Rf8+ Kg7 41. Rxe8 $18) 40. cxd6
Re6 41. Bg4 $1 Rxf6 42. Rxf6 Rd8 (42... Kg7 43. Rf4 Rd8 44. d7 $1 $18) 43. d7
$1 Kg7 (43... Bxd7 44. Rd6) 44. Rf2 Bd5 (44... Kg6 45. Be6 $1 {/\ Rf7}) 45. Kh2
h5 46. Bf5 Bc6 (46... Kf6 47. g4 $18) 47. Be6 Kg6 48. g4 hxg4 49. Kg3 $1 (49.
Bxg4 $4 Bxd7 50. Rd2 Rh8+ $10) 49... Bxd7 50. Rd2 Bxe6 51. Rxd8 Kf5 52. Rd4 Ke5
53. Rxg4 $1 Bxg4 54. Kxg4 Kd6 55. Kf4 b5 56. axb6 a5 57. Ke3 1-0

[Event "Tilburg rapid20"]
[Site "Tilburg"]
[Date "1993.??.??"]
[Round "1"]
[White "Stohl, Igor"]
[Black "Kortschnoj, Viktor Lvovich"]
[Result "0-1"]
[WhiteElo "2545"]
[BlackElo "2625"]
[PlyCount "105"]
[EventDate "1993.11.??"]
[EventType "k.o. (rapid)"]
[EventRounds "7"]
[EventCountry "NED"]
[SourceTitle "CBM 039"]
[Source "ChessBase"]
[SourceDate "1994.04.01"]
[SourceVersion "1"]
[SourceVersionDate "1994.04.01"]
[SourceQuality "1"]

1. Nf3 Nf6 2. c4 e6 3. d4 b6 4. Nc3 Bb7 5. a3 d5 6. Bg5 Be7 7. Qa4+ c6 8. cxd5
Nxd5 9. Bxe7 Nxc3 10. Qxc6+ Nxc6 11. Bxd8 Nb5 12. Bg5 Ncxd4 13. Nxd4 Nxd4 14.
Rd1 Nb3 15. e3 O-O 16. f3 Rfc8 17. Bd3 Nc5 18. Bc2 Bd5 19. e4 Bb3 20. Rc1 Bxc2
21. Rxc2 Nb3 22. Kd1 a5 23. Be3 b5 24. Re1 a4 25. Rxc8+ Rxc8 26. Re2 Na5 27.
Rc2 Nc4 28. Ke2 e5 29. Rc3 Ra8 30. Bc1 f6 31. b3 axb3 32. Rxb3 Ra5 33. Kd3 Kf7
34. Kc3 Nd6 35. Be3 Ra4 36. Kd3 h5 37. Bc5 Nb7 38. Rxb5 Nxc5+ 39. Rxc5 Rxa3+
40. Rc3 Ra1 41. Ke2 Ra2+ 42. Kf1 h4 43. Kg1 Ra1+ 44. Kf2 g5 45. Rc2 Ke7 46. g3
Ra3 47. gxh4 gxh4 48. Kg2 Kf7 49. Rc6 Kg6 50. Rb6 Kg5 51. Rc6 Ra2+ 52. Kg1 h3
53. f4+ 0-1

[Event "Garmisch Partenkirchen"]
[Site "Garmisch Partenkirchen"]
[Date "1994.??.??"]
[Round "7"]
[White "Huebner, Robert"]
[Black "Kortschnoj, Viktor Lvovich"]
[Result "0-1"]
[WhiteElo "2605"]
[BlackElo "2615"]
[PlyCount "26"]
[EventDate "1994.??.??"]
[EventType "tourn (rapid)"]
[EventRounds "15"]
[EventCountry "GER"]
[EventCategory "13"]
[SourceTitle "CBM 043 Extra"]
[Source "ChessBase"]
[SourceDate "1995.01.01"]
[SourceVersion "1"]
[SourceVersionDate "1995.01.01"]
[SourceQuality "1"]

1. e4 e6 2. d4 d5 3. Nc3 Nf6 4. e5 Nfd7 5. f4 c5 6. Nf3 Nc6 7. Be3 Qb6 8. Qd2
Qxb2 9. Rb1 Qa3 10. Bd3 cxd4 11. Nxd4 Nxd4 12. Bxd4 Bb4 13. O-O O-O 0-1

[Event "Garmisch Partenkirchen"]
[Site "Garmisch Partenkirchen"]
[Date "1994.??.??"]
[Round "10"]
[White "Van Wely, Loek"]
[Black "Kortschnoj, Viktor Lvovich"]
[Result "0-1"]
[WhiteElo "2560"]
[BlackElo "2615"]
[PlyCount "102"]
[EventDate "1994.??.??"]
[EventType "tourn (rapid)"]
[EventRounds "15"]
[EventCountry "GER"]
[EventCategory "13"]
[SourceTitle "CBM 043 Extra"]
[Source "ChessBase"]
[SourceDate "1995.01.01"]
[SourceVersion "1"]
[SourceVersionDate "1995.01.01"]
[SourceQuality "1"]

1. d4 Nf6 2. c4 e6 3. Nf3 b6 4. Nc3 Bb7 5. a3 Ne4 6. Nxe4 Bxe4 7. Nd2 Bb7 8. e4
d6 9. Bd3 Nd7 10. O-O e5 11. d5 Be7 12. b4 h5 13. Nb3 c6 14. Be3 g6 15. Rb1 Kf8
16. a4 cxd5 17. cxd5 a6 18. Qd2 Kg7 19. Rfc1 Nf6 20. h3 Nh7 21. Rc2 Bg5 22.
Rbc1 Rc8 23. Bxg5 Nxg5 24. Rxc8 Bxc8 25. Qe3 Bd7 26. b5 axb5 27. Bxb5 f5 28.
Bxd7 f4 29. Qd3 Qxd7 30. h4 Nf7 31. Rc6 Ra8 32. Nd2 Rxa4 33. Qc2 Ra1+ 34. Kh2
Qg4 35. Nf3 g5 36. Rc7 gxh4 37. Rxf7+ Kxf7 38. Qc7+ Ke8 39. Qb8+ Ke7 40. Qb7+
Qd7 41. Qxb6 h3 42. gxh3 Qa7 43. Qb2 Ra2 44. Nxe5 Rxb2 45. Nc6+ Kf6 46. Nxa7
Rxf2+ 47. Kg1 Re2 48. Nb5 Ke5 49. Nc3 Rxe4 50. Kf2 Re3 51. Nb5 Rxh3 0-1

[Event "Garmisch Partenkirchen"]
[Site "Garmisch Partenkirchen"]
[Date "1994.??.??"]
[Round "13"]
[White "Kortschnoj, Viktor Lvovich"]
[Black "Bischoff, Klaus"]
[Result "1-0"]
[WhiteElo "2615"]
[BlackElo "2525"]
[PlyCount "102"]
[EventDate "1994.??.??"]
[EventType "tourn (rapid)"]
[EventRounds "15"]
[EventCountry "GER"]
[EventCategory "13"]
[SourceTitle "CBM 043 Extra"]
[Source "ChessBase"]
[SourceDate "1995.01.01"]
[SourceVersion "1"]
[SourceVersionDate "1995.01.01"]
[SourceQuality "1"]

1. d4 e6 2. Nf3 c5 3. g3 cxd4 4. Nxd4 a6 5. Bg2 Qc7 6. O-O Nf6 7. e4 d6 8. b3
Be7 9. Bb2 Bd7 10. c4 Nc6 11. Nc3 O-O 12. Rc1 Nxd4 13. Qxd4 Rfd8 14. Nd1 Rac8
15. Ne3 Qb8 16. a4 b6 17. Rfe1 Be8 18. h4 Bf8 19. g4 Bc6 20. g5 Nh5 21. Nd5
Bxd5 22. cxd5 e5 23. Qd3 b5 24. axb5 axb5 25. Bf1 b4 26. Qa6 Nf4 27. Rc6 Rc7
28. Bc1 Ra7 29. Qc4 Ra1 30. Bd2 Rxe1 31. Bxe1 h6 32. Bxb4 hxg5 33. hxg5 Qa7 34.
Rc7 Qa1 35. Bd2 Qd1 36. Bxf4 exf4 37. Qe2 Qxe2 38. Bxe2 g6 39. b4 Bg7 40. Kg2
Ra8 41. b5 Bd4 42. Rc4 Bc5 43. e5 Ra2 44. Kf3 Ra3+ 45. Kxf4 Bxf2 46. Rc8+ Kg7
47. e6 Ra7 48. Rb8 Be1 49. b6 Bd2+ 50. Ke4 Ra4+ 51. Kd3 Bxg5 1-0

[Event "NED-chT 9495"]
[Site "Netherlands"]
[Date "1994.??.??"]
[Round "2"]
[White "Kortschnoj, Viktor Lvovich"]
[Black "Klarenbeek, Hans"]
[Result "1-0"]
[WhiteElo "2615"]
[BlackElo "2430"]
[PlyCount "69"]
[EventDate "1994.??.??"]
[EventType "team"]
[EventRounds "9"]
[EventCountry "NED"]
[SourceTitle "EXT 1998"]
[Source "ChessBase"]
[SourceDate "1997.11.17"]
[SourceVersion "1"]
[SourceVersionDate "1997.11.17"]
[SourceQuality "1"]

1. d4 Nf6 2. c4 c5 3. d5 b5 4. Nf3 Bb7 5. Nbd2 bxc4 6. e4 g6 7. Bxc4 d6 8. Qa4+
Nfd7 9. Nb3 Bg7 10. Na5 Bc8 11. O-O O-O 12. Qa3 Nb6 13. Bd3 Bd7 14. Bd2 a6 15.
Rfe1 Bb5 16. Bc2 N8d7 17. Bc3 Nf6 18. b3 Rc8 19. Rad1 Qc7 20. Qb2 Rfe8 21. h3
Nh5 22. Bxg7 Nxg7 23. Qc3 e6 24. a4 Bd7 25. dxe6 Bxe6 26. Qd2 c4 27. b4 Red8
28. b5 axb5 29. axb5 c3 30. Qh6 f6 31. Nc6 Re8 32. Re3 Bc4 33. Rxc3 Bxb5 34.
Bb3+ Kh8 35. Nh4 1-0

[Event "SUI-chT"]
[Site "Switzerland"]
[Date "1994.??.??"]
[Round "5"]
[White "Kortschnoj, Viktor Lvovich"]
[Black "Nemet, Ivan"]
[Result "1-0"]
[WhiteElo "2615"]
[BlackElo "2450"]
[PlyCount "71"]
[EventDate "1994.??.??"]
[EventType "team-tourn"]
[EventRounds "9"]
[EventCountry "SUI"]
[SourceTitle "EXT 2000"]
[Source "ChessBase"]
[SourceDate "1999.11.16"]
[SourceVersion "1"]
[SourceVersionDate "1999.11.16"]
[SourceQuality "1"]

1. d4 Nf6 2. c4 g6 3. Nc3 Bg7 4. e4 d6 5. Be2 O-O 6. Nf3 e5 7. O-O Nc6 8. d5
Ne7 9. Ne1 Ne8 10. Be3 f5 11. f3 f4 12. Bf2 h5 13. c5 g5 14. a4 Ng6 15. a5 dxc5
16. Bxc5 Nd6 17. Nd3 Rf7 18. a6 b6 19. Bxd6 Qxd6 20. Nb5 Qd7 21. Nb4 Nh4 22.
Rc1 Nxg2 23. Kxg2 Qh3+ 24. Kh1 g4 25. Bc4 g3 26. Rc2 Kh7 27. d6 Rf6 28. Nxc7
Bf8 29. Nxa8 Rxd6 30. Nd3 h4 31. Qe2 Rg6 32. Qg2 Qd7 33. Nxe5 h3 34. Nxd7 hxg2+
35. Rxg2 Bxd7 36. e5 1-0

[Event "SUI-chT"]
[Site "Switzerland"]
[Date "1994.??.??"]
[Round "6"]
[White "Lautier, Joel"]
[Black "Kortschnoj, Viktor Lvovich"]
[Result "0-1"]
[WhiteElo "2620"]
[BlackElo "2615"]
[PlyCount "77"]
[EventDate "1994.??.??"]
[EventType "team-tourn"]
[EventRounds "9"]
[EventCountry "SUI"]
[SourceTitle "EXT 2000"]
[Source "ChessBase"]
[SourceDate "1999.11.16"]
[SourceVersion "1"]
[SourceVersionDate "1999.11.16"]
[SourceQuality "1"]

1. d4 Nf6 2. c4 e6 3. Nc3 Bb4 4. Qc2 O-O 5. a3 Bxc3+ 6. Qxc3 b6 7. Bg5 Ba6 8.
e3 d6 9. Bd3 Nbd7 10. Nf3 c5 11. b4 cxd4 12. exd4 Rc8 13. Qb3 h6 14. Bh4 Qc7
15. Rc1 e5 16. dxe5 dxe5 17. Bg3 Nh5 18. O-O Nxg3 19. hxg3 e4 20. Bxe4 Bxc4 21.
Qb2 b5 22. Rfe1 Qb6 23. Bf5 Rcd8 24. Re7 Nf6 25. Ne5 Nd5 26. Nxc4 bxc4 27. Ree1
Qb5 28. Qc2 Nf6 29. Re3 Rd4 30. Rce1 Rfd8 31. Re5 R4d5 32. f4 a5 33. bxa5 Qxa5
34. Qxc4 g6 35. Bc2 Rxe5 36. Rxe5 Qxa3 37. Bb3 Qa7+ 38. Kf1 Ng4 39. Ra5 0-1

[Event "Amber-rapid 03rd"]
[Site "Monte Carlo"]
[Date "1994.04.05"]
[Round "9"]
[White "Kortschnoj, Viktor Lvovich"]
[Black "Seirawan, Yasser"]
[Result "1-0"]
[WhiteElo "2615"]
[BlackElo "2585"]
[PlyCount "65"]
[EventDate "1994.03.26"]
[EventType "tourn (rapid)"]
[EventRounds "11"]
[EventCountry "MNC"]
[EventCategory "16"]
[SourceTitle "CBM 040 Extra"]
[Source "ChessBase"]
[SourceDate "1994.07.01"]
[SourceVersion "1"]
[SourceVersionDate "1994.07.01"]
[SourceQuality "1"]

1. c4 e5 2. Nc3 Nc6 3. e3 Nf6 4. d3 d5 5. cxd5 Nxd5 6. a3 Be7 7. Qc2 O-O 8. Nf3
Be6 9. Be2 Qd7 10. Ne4 f6 11. O-O Rfd8 12. b4 a6 13. Bb2 Qe8 14. Nc5 Bxc5 15.
Qxc5 Nb6 16. Qc2 Qg6 17. Rfc1 Bd5 18. e4 Be6 19. a4 Rac8 20. b5 Nb4 21. Qb1 Bg4
22. Bxe5 Bxf3 23. Bxf3 Nxd3 24. Bxc7 Rd7 25. Rd1 Rdxc7 26. Qxd3 axb5 27. Qxb5
Nc4 28. e5 b6 29. Bd5+ Kf8 30. Qb4+ Ke8 31. exf6 Qxf6 32. Re1+ Kd8 33. Bxc4 1-0

[Event "Leon"]
[Site "Leon"]
[Date "1994.??.??"]
[Round "3"]
[White "Romero Holmes, Alfonso"]
[Black "Kortschnoj, Viktor Lvovich"]
[Result "0-1"]
[WhiteElo "2455"]
[BlackElo "2615"]
[Annotator "Franco"]
[PlyCount "72"]
[EventDate "1994.05.??"]
[EventType "tourn"]
[EventRounds "9"]
[EventCountry "ESP"]
[EventCategory "12"]
[SourceTitle "CBM 042"]
[Source "ChessBase"]
[SourceDate "1994.10.01"]
[SourceVersion "1"]
[SourceVersionDate "1994.10.01"]
[SourceQuality "1"]

1. d4 Nf6 2. Nf3 g6 3. Bf4 Bg7 4. e3 O-O 5. Be2 c5 6. c3 cxd4 7. exd4 d6 8. O-O
Be6 9. Nbd2 Nc6 10. Re1 a6 11. Bd3 b5 12. a3 (12. a4) 12... Bd5 13. Ne4 Nh5 (
13... Nd7 14. h4 {/\ h5->}) 14. Bg5 Qd7 (14... h6 $5) 15. Ng3 Nf6 16. h4 Rfe8
17. h5 Qg4 18. hxg6 hxg6 19. Be2 Na5 $6 {Kortschnoj} (19... Ne4 $5) 20. b4 $1
Nc4 21. Bxf6 exf6 (21... Bxf6 22. Ne5 Qc8 23. Nxc4 Bxc4 24. Bxc4 Qxc4 $15) 22.
Ne5 Qf4 23. Nxc4 bxc4 24. Bf1 $2 (24. Qa4 $1) 24... Rxe1 25. Qxe1 f5 26. Ra2 $6
(26. Qe7 $5 $132) 26... Bf6 27. Re2 Kf8 $1 (27... Kg7 $6 28. Re8 Rxe8 29. Qxe8
Qc1 30. Qe3 Qxa3 31. Nxf5+ $1 gxf5 32. Qg3+ Kh7 33. Qxd6 Be6 34. d5 $10) 28. a4
Qh4 29. b5 axb5 30. axb5 Rb8 31. Qb1 Kg7 32. Qb4 Rh8 33. f4 Qxg3 34. Qxd6 Qxc3
35. Qxd5 Qxd4+ 36. Qxd4 Bxd4+ 0-1

[Event "Ostrava"]
[Site "Ostrava"]
[Date "1994.??.??"]
[Round "5"]
[White "Kavalek, Lubomir"]
[Black "Kortschnoj, Viktor Lvovich"]
[Result "0-1"]
[WhiteElo "2550"]
[BlackElo "2615"]
[Annotator "Schlosser,P"]
[PlyCount "84"]
[EventDate "1994.06.??"]
[EventType "tourn"]
[EventRounds "11"]
[EventCountry "CZE"]
[EventCategory "11"]
[SourceTitle "CBM 042"]
[Source "ChessBase"]
[SourceDate "1994.10.01"]
[SourceVersion "1"]
[SourceVersionDate "1994.10.01"]
[SourceQuality "1"]

1. e4 c5 2. Nf3 Nc6 3. d4 cxd4 4. Nxd4 Nf6 5. Nc3 d6 6. Bg5 e6 7. Qd2 a6 8.
O-O-O h6 9. Be3 Bd7 10. f4 b5 11. Bd3 Be7 (11... Qc7 12. Kb1 (12. h3 $6 Na5 13.
Qe2 Rc8 14. Bf2 Nc4 15. Be1 $15 {0,5/Degermann,L-Csom,I/Budapest ExpFS SepGM 
(04)/1993/}) (12. Rhe1 Na5 13. e5 dxe5 14. fxe5 b4 (14... Qxe5 $2 15. Nxe6 $40)
15. Ncb5 axb5 16. Nxb5 $4 Nb3+ {0-1/Kovalev,A-Sher,M/Ostrava/1993/}) 12... Na5
13. Qe1 Nc4 14. Bc1 b4 (14... Rc8 15. Ka1 Be7 16. g4 $13 {Fogarasi,T-Sher,M/
Ostrava/1993/0-1 (62)}) 15. Nce2 a5 $15 {Mokry,K-Ivanovic,B/Reggio Emilia/1984/
}) 12. Kb1 b4 $6 {Angst vor dem Läuferopfer auf b5? Das sollte allerdings nur
bei einem Bauern auf f3 statt f4 Sorgen bereiten:} (12... Qc7 $142 13. Bxb5
axb5 14. Ndxb5 Qb8 15. Nxd6+ Bxd6 16. Qxd6 Qxd6 17. Rxd6 Na5 $132 {xe4}) 13.
Nce2 Qc7 14. h3 $6 {xe4} (14. Rhe1 {Huebner,R-Lutz,C/Muenchen/1994/} Nxd4 15.
Nxd4 Qb7 (15... e5 16. Nf5 $14) 16. Bf2 $14) 14... Nxd4 15. Bxd4 (15. Nxd4 Qb7
$132 {xe4}) 15... e5 16. Bf2 (16. Be3 d5 $6 17. Ng3 $1 (17. fxe5 Nxe4 18. Bxe4
dxe4 19. Nf4 Bc6 20. e6 O-O $10) 17... Bd6 (17... d4 18. Bf2 exf4 19. Ne2 Bc6
20. Bxd4 Nxe4 21. Qxf4 Qxf4 22. Nxf4 $36) 18. Rhf1 exf4 19. Bxf4 O-O 20. Bxh6
Bxg3 21. Bxg7 $40) 16... a5 (16... d5 17. fxe5 Nxe4 18. Bxe4 dxe4 19. Ng3 Be6
20. Nxe4 Qxe5 21. Rhe1 $36) 17. g4 Bc6 18. Ng3 g6 19. Be3 h5 20. fxe5 (20. g5
exf4 (20... Nd7 21. Rhg1 $5 exf4 (21... Nc5 22. Bxc5 dxc5 23. f5 {/\ 24.Bc4 |^}
) 22. Bd4 Ne5 23. Qxf4 $13 O-O $2 24. Nxh5 gxh5 25. g6 fxg6 26. Qh6 Be8 27.
Bxe5 dxe5 28. Rxg6+ $18) 21. Bd4 $5 (21. Bxf4 Nd7 {<=> x e5}) 21... fxg3 22.
gxf6 Bf8 23. h4 Bh6 {/\ Bf4-e5 <=> x f6, e4}) 20... dxe5 21. gxh5 $2 {x e4, h3}
(21. g5 Nd7 22. Rhf1 $14 {x f7}) 21... Nxh5 22. Nxh5 Rxh5 23. Rhf1 Rh7 $1 (
23... Rxh3 $6 24. Qf2 Bh4 25. Qe2 $44) 24. Bg5 $6 {x Bd3} (24. Qg2 $13) 24...
Rd8 25. h4 Bxg5 (25... Bxe4 $4 26. Bb5+ Kf8 27. Bxe7+ Kxe7 28. Qg5+ $18) 26.
Qxg5 (26. hxg5 Bxe4 $17) 26... Qe7 27. Qe3 Rd4 $17 28. c3 bxc3 29. bxc3 Rd6 30.
Ka1 Rxh4 31. Rb1 Kf8 32. Bc4 Rf6 33. Rxf6 Qxf6 34. Qc5+ Kg7 35. Rb6 $6 (35. Rf1
Rf4 $19) (35. Bd5 Bxd5 36. exd5 $17) 35... Qf4 $19 36. Bxf7 Bxe4 (36... Rh1+
37. Kb2 (37. Rb1 Rxb1+ 38. Kxb1 Qxe4+ $19) 37... Rh2+ 38. Ka1 Bxe4 $19) 37. Kb2
Qxf7 38. Qxe5+ Kh6 39. Rb8 g5 40. Qd6+ Kh7 41. Rf8 Qb7+ 42. Ka3 Bc6 0-1

[Event "Ostrava"]
[Site "Ostrava"]
[Date "1994.??.??"]
[Round "6"]
[White "Kortschnoj, Viktor Lvovich"]
[Black "Plachetka, Jan"]
[Result "1-0"]
[WhiteElo "2615"]
[BlackElo "2435"]
[Annotator "Ftacnik,L"]
[PlyCount "75"]
[EventDate "1994.06.??"]
[EventType "tourn"]
[EventRounds "11"]
[EventCountry "CZE"]
[EventCategory "11"]
[SourceTitle "CBM 042"]
[Source "ChessBase"]
[SourceDate "1994.10.01"]
[SourceVersion "1"]
[SourceVersionDate "1994.10.01"]
[SourceQuality "1"]

1. d4 Nf6 2. c4 g6 3. Nc3 Bg7 4. e4 d6 5. Be2 O-O 6. Nf3 c5 7. O-O Na6 8. d5 e6
9. dxe6 Bxe6 10. Bf4 Qb6 (10... Qa5 11. Qd2 Rad8 12. a3 Rd7 13. h3 Rc8 14. Rad1
Qb6 15. Qc2 Nb8 16. Rd2 a6 17. Rfd1 Rcd8 18. g4 Ne8 19. Bf1 Nc6 $14 {Baragar,
F-Gruenfeld,Y/Zagreb izt/1987/}) (10... Re8 $5) 11. Rb1 (11. Qb3 Qc6 12. Rfe1
Rfb8 13. Rad1 Bf8 14. Ng5 Bg4 15. f3 Bd7 16. Nd5 Nh5 17. Bd2 $16 {Strutinskaya,
G-Tataev,M/Moscow7 op/1991/}) 11... Rad8 (11... Rfe8 $6 12. Qxd6 $16) 12. h3 (
12. Nd2 Rfe8 13. Be3 Nd7 14. a3 Bd4 15. Bxd4 cxd4 16. Nd5 Bxd5 17. cxd5 $16)
12... Rfe8 13. Bg5 h6 (13... Nc7 14. Qd2 Rd7 15. Rfe1 $16) 14. Be3 Qc6 (14...
Nc7 15. b4 Qc6 16. b5 Qd7 17. Nd2 $16) 15. Nd2 Bc8 (15... Nc7 16. a3 (16. Nd5
Bxd5 17. cxd5 Qd7 18. Bf3 Nb5 $132) 16... Nd7 17. Nd5 $16) 16. a3 Nc7 17. b4
Ne6 (17... b6 18. f3 $5 (18. bxc5 dxc5 19. Nd5 Nxe4 20. Nxe4 Rxe4 21. Bf3 (21.
Ne7+ Rxe7 22. Qxd8+ Re8 23. Qd2 Qf6 24. Rfd1 Qh4 $44) 21... Qe8 22. Bxe4 Qxe4
$132) 18... Ne6 19. Nd5 Nd4 $140 20. Nxf6+ Bxf6 21. Bxh6 $16) 18. Nd5 Ng5 (
18... b6 $2 19. Bxh6 $1 $16) 19. f3 Kh7 $2 (19... b6 20. h4 (20. Nxf6+ Bxf6 21.
h4 Ne6 {xh4}) 20... Ngh7 21. Qe1 Nxd5 22. cxd5 Qc7 {/\ f5<=>}) 20. Bd3 b6 21.
Bc2 $1 Bd7 $8 (21... Nxd5 22. cxd5 Qc7 23. h4 $18) 22. bxc5 bxc5 (22... dxc5
23. Qe1 Ne6 24. Qh4 $16) 23. Qe1 Ne6 (23... Kg8 24. Nxf6+ Bxf6 25. h4 Ne6 26.
Bxh6 $16) 24. Qh4 Ng8 (24... g5 $2 25. Bxg5 Nxg5 26. Nxf6+ Bxf6 27. e5+ Kg8 28.
exf6 $18) 25. f4 Nd4 (25... Bd4 26. f5 Bxe3+ 27. Nxe3 Nd4 28. fxg6+ fxg6 29.
Rf7+ Kh8 30. Nd5 Nxc2 31. Qf6+ $5 (31. Nf6 $18) 31... Nxf6 32. Nxf6 $18) 26.
Bxd4 $1 (26. Nf3 Nxf3+ (26... Nxc2 $2 27. Ng5+ Kh8 28. Nxf7+ Kh7 29. Nxd8 $18)
27. Rxf3 $16) 26... Bxd4+ 27. Kh1 Kg7 (27... Rb8 28. Nf3 Bb2 29. e5 $18) 28.
Nf3 Bf6 29. Qg3 Kh8 (29... Bc8 30. e5 dxe5 31. fxe5 Be7 32. Qf4 f5 (32... Qd7
33. Qxf7+ Kxf7 34. Ng5+ Kg7 35. Rf7+ Kh8 36. Rh7#) 33. exf6+ Bxf6 34. Qg3 $18)
30. Ng5 $1 (30. e5 Bg7 $16) 30... Rf8 (30... hxg5 31. Nxf6 Nxf6 32. Qc3 Kg8 33.
Qxf6 $16) (30... Bxg5 31. fxg5 Rf8 32. gxh6 Kh7 33. Qc3 $18) 31. Nxf6 Nxf6 32.
Qc3 hxg5 (32... Kg7 33. e5 dxe5 34. fxe5 hxg5 35. exf6+ (35. Rxf6 Be6 36. Qg3
$18) 35... Kh7 36. Qg3 $18) 33. Qxf6+ Kg8 34. Qxg5 Rde8 35. f5 Re5 36. Qh6 Bxf5
(36... gxf5 37. Qg5+ Kh7 38. Rf4 $18) 37. exf5 Re2 38. Rf3 (38. Rf3 Rxc2 39. f6
$18) 1-0

[Event "Ostrava"]
[Site "Ostrava"]
[Date "1994.??.??"]
[Round "9"]
[White "Haba, Petr"]
[Black "Kortschnoj, Viktor Lvovich"]
[Result "0-1"]
[WhiteElo "2475"]
[BlackElo "2615"]
[Annotator "Knaak,R"]
[PlyCount "78"]
[EventDate "1994.06.??"]
[EventType "tourn"]
[EventRounds "11"]
[EventCountry "CZE"]
[EventCategory "11"]
[SourceTitle "CBM 042"]
[Source "ChessBase"]
[SourceDate "1994.10.01"]
[SourceVersion "1"]
[SourceVersionDate "1994.10.01"]
[SourceQuality "1"]

1. e4 e6 2. d4 d5 3. e5 c5 4. c3 Qb6 5. Nf3 Bd7 6. a3 (6. Be2) 6... a5 (6...
cxd4 7. cxd4 Bb5 8. Bxb5+ Qxb5 9. Nc3 Qa6 10. Ne2 $13 (10. Qb3 $6 Nc6 11. Nb5
$2 Bb4+ $1 12. Qxb4 Nxb4 13. Nc7+ Kf8 14. Nxa6 Nc2+ 15. Ke2 Nxa1 16. Nc5 b6 17.
Nb7 Nb3 $19 {Yagupov,I-Totsky,L/Orel/1994/})) (6... Bb5 7. c4 Bxc4 8. Bxc4 dxc4
9. d5 Ne7 10. d6 Nec6 11. Nbd2 Qa6 12. O-O Nd7 13. Re1 h6 14. Qe2 Na5 15. Ne4
Nb3 16. Rb1 O-O-O $13 {Formanek-Sahovic/Lone Pine/1976/}) 7. Bd3 (7. Be2 a4 8.
O-O Ne7 9. Qd3 Nbc6 10. Rd1 Rc8 11. Nbd2 cxd4 12. cxd4 Nf5 13. Nf1 Be7 $10 {
Mukhametov,E-Legky,N/Orel/1994/}) 7... Bb5 8. O-O Bxd3 9. Qxd3 Nc6 10. dxc5
Bxc5 11. c4 Qa6 12. Nc3 $6 $146 (12. Nbd2 Nge7 $10 {Suetin-Lputian/SSSR/1978/})
12... dxc4 13. Qc2 {/\ 14.Ne4~/=} Nd4 $1 14. Nxd4 Bxd4 15. Qa4+ (15. Bf4 Ne7
16. Ne2 Ba7) 15... Qc6 16. Nb5 Bxe5 17. Re1 Bb8 $8 18. Bg5 $1 (18. Re4 $6 Ne7
19. Rxc4 Qd7 20. Be3 O-O 21. Rd1 Nd5 $17) 18... Nf6 (18... h6 19. Bh4 $13) 19.
Rac1 O-O 20. Bxf6 gxf6 21. Rxc4 Qd5 22. Nc7 $5 Bxc7 23. Rxc7 Qd2 (23... Rfc8
24. Rd7) 24. Rd1 $2 (24. Qg4+ Kh8 25. Qe2 Qxe2 26. Rxe2 b5 $15) 24... Qxb2 $19
25. Qg4+ Kh8 26. g3 Rac8 27. Rdd7 Rxc7 28. Rxc7 Qxa3 29. Qd4 Qf3 30. Rc3 Qf5
31. Rc5 e5 32. Qd6 Kg7 33. Rxa5 Rc8 34. Rc5 Qb1+ 35. Kg2 Qb4 36. Rd5 Qe4+ 37.
Kh3 Rc2 38. Rd2 Rxd2 39. Qxd2 b5 0-1